Phineas and Ferb - Guess the Lyrics 88 Quiz Stats

Quiz not verified by Sporcle

Challenge
Share
Tweet
Embed
Score 0/182 Timer 15:00
0 Plays Today
% Correct
a
89.4%
a
89.4%
a
89.4%
the
71.2%
the
71.2%
the
71.2%
the
71.2%
the
71.2%
the
71.2%
the
71.2%
the
71.2%
and
66.7%
and
66.7%
And
66.7%
And
66.7%
you
60.6%
we
60.6%
we
60.6%
we
60.6%
in
51.5%
on
47%
on
47%
your
45.5%
your
45.5%
be
45.5%
so
45.5%
your
45.5%
me
43.9%
of
40.9%
for
39.4%
(I'm
39.4%
are
39.4%
not
39.4%
we're
36.4%
We're
36.4%
But
34.8%
Doo
33.3%
doo
33.3%
doo
33.3%
doo,
33.3%
doo
33.3%
doo
33.3%
doo
33.3%
doo
33.3%
Doo
33.3%
doo
33.3%
doo
33.3%
doo,
33.3%
doo
33.3%
doo
33.3%
doo
33.3%
doo
33.3%
goin'
33.3%
Doo
33.3%
doo
33.3%
doo
33.3%
doo,
33.3%
doo
33.3%
doo
33.3%
doo
33.3%
doo
33.3%
% Correct
doo
33.3%
doo
33.3%
Doo
33.3%
doo
33.3%
doo
33.3%
doo,
33.3%
doo
33.3%
doo
33.3%
doo
33.3%
doo
33.3%
doo
33.3%
doo
33.3%
Doo
33.3%
doo
33.3%
doo
33.3%
doo,
33.3%
doo
33.3%
doo
33.3%
doo
33.3%
doo
33.3%
doo
33.3%
doo
33.3%
Doo
33.3%
doo
33.3%
doo
33.3%
doo,
33.3%
doo
33.3%
doo
33.3%
doo
33.3%
doo
33.3%
doo
33.3%
doo
33.3%
along
31.8%
along
31.8%
along
31.8%
along
31.8%
along
31.8%
along
31.8%
Pin,
30.3%
pin,
30.3%
pin,
30.3%
pin-
30.3%
Pin,
30.3%
pin,
30.3%
pin,
30.3%
pin-
30.3%
up
30.3%
pin,
30.3%
pin,
30.3%
pin,
30.3%
pin-
30.3%
Pin,
30.3%
pin,
30.3%
pin,
30.3%
pin-
30.3%
Pin-
30.3%
Pin-
30.3%
Pin-
30.3%
Yeah!
28.8%
We'll
28.8%
We'll
28.8%
% Correct
Yeah!
28.8%
bowlin'
27.3%
bowlin'
27.3%
gotta
27.3%
or
27.3%
out
27.3%
way
27.3%
bowlin'
27.3%
bowlin'
27.3%
bowlin'
27.3%
bowlin'
27.3%
bowlin'
27.3%
around
25.8%
that's
25.8%
off
24.2%
off
24.2%
Gonna
24.2%
gonna
24.2%
gonna
24.2%
Cause,
24.2%
Keep
22.7%
You'd
22.7%
think
22.7%
take
21.2%
before
21.2%
take
21.2%
two
21.2%
Before
21.2%
never
21.2%
Better
19.7%
back
19.7%
eye
19.7%
ain't
19.7%
spin,
18.2%
fingers
18.2%
ball
18.2%
bouncing
18.2%
run
18.2%
ears
18.2%
quarter
16.7%
begin,
16.7%
trip
16.7%
drop
16.7%
walls
16.7%
high
16.7%
pop
16.7%
baby,
16.7%
put
15.2%
table
15.2%
control!)
15.2%
flippers
15.2%
bumpers
15.2%
banging
15.2%
tilt
15.2%
hoo!
15.2%
pull
13.6%
lever
13.6%
Woo-
13.6%
score
12.1%
built
12.1%

You're not logged in!

Compare scores with friends on all Sporcle quizzes.
Sign Up with Email
OR
Log In

You Might Also Like...

Show Comments

Extras

Top Quizzes Today


Score Distribution

Your Account Isn't Verified!

In order to create a playlist on Sporcle, you need to verify the email address you used during registration. Go to your Sporcle Settings to finish the process.